Länder nach Sehenswürdigkeiten - Statistiken

Allgemein
  • Dieses Quiz wurde 181 mal gespielt
  • Das Durchschnittsergebnis liegt bei 19 aus 22
Antwortstatistiken
Sehenswürdigkeit Land % Korrekt
Eiffelturm Frankreich (Paris)
99%
Kolosseum Italien (Rom)
98%
Freiheitsstatue Vereinigte Staaten (New York)
97%
Chinesische Mauer China (Peking)
95%
Brandenburger Tor Deutschland (Berlin)
94%
Tokyo Skytree Japan (Tokyo)
94%
Golden Gate Bridge Vereinigte Staaten (San Francisco)
94%
Sphinx von Gizeh Ägypten (Gizeh)
93%
Akropolis Griechenland (Athen)
93%
Taj Mahal Indien (Agra)
91%
Big Ben Vereinigtes Königreich (London)
91%
Sydney Opera House Australien (Sydney)
90%
Nigarafälle Vereinigte Staaten / Kanada
88%
Great Barrier Beef Australien
87%
Mont Blanc Frankreich / Italien
86%
Sagrada Família Spanien (Barcelona)
86%
Machu Picchu Peru (Cusco)
84%
Burj Khalifa Vereinigte Arabische Emirate (Dubai)
78%
Karlsbrücke Tschechien (Prag)
61%
Stephansdom Österreich (Wien)
57%
Angkor Wat Kambodscha (Angkor)
52%
Basilius-Kathedrale Russland (Moskau)
51%
Keine übereinstimmenden Quizze gefunden
Verteilung der Resultate
Anzahl Personen mit jedem Resultat
Perzentil nach korrekt beantworteten Fragen
Ihre Resultats-Entwicklung
Sie haben dieses Quiz noch nicht gespielt